| 000 | 01252cam a2200277 i 4500 | ||
|---|---|---|---|
| 003 | SA-RiAUC | ||
| 005 | 20250727051155.0 | ||
| 008 | 250725s1991 ku g c 00010 ara d | ||
| 040 |
_aSA-RiIMS _bara _cSA-RiAUC _erda |
||
| 043 | _aa-pk--- | ||
| 082 | 0 | 4 | _a011.31 |
| 090 |
_a011.31 _bز ا هـ |
||
| 100 | 1 |
_aالزاهدي، حافظ ثناء الله، _d1956- _eمؤلف. |
|
| 245 | 1 | 0 |
_aفهرست المخطوطات العربية في باكستان : _bالمكتبات العامة / _cحافظ ثناء الله الزاهدي. |
| 250 | _aالطبعة الأولى. | ||
| 264 | 1 |
_aالصفاة، الكويت : _bجمعية إحياء التراث الإسلامي، منشورات مركز المخطوطات والتراث والوثائق، _c1991. |
|
| 300 |
_a62 صفحة ؛ _c24 سم. |
||
| 336 |
_aنص _btxt _2rdacontent _3كتاب |
||
| 337 |
_aبدون وسيط _bn _2rdamedia |
||
| 338 |
_aمجلد _bnc _2rdacarrier |
||
| 440 | 0 |
_aسلسلة الفهارس العالمية _v4 |
|
| 505 | 2 | _aالمحتويات : مجلد 1. مكتبة ديال سنغ الخيرية. | |
| 650 | 7 |
_aالمخطوطات العربية _zباكستان _vفهارس _2aucsh |
|
| 942 |
_2ddc _cBOOK _n0 |
||
| 949 |
_aSA-JeALM _d250725 _umohamedma123 _n1 |
||
| 999 |
_c10303 _d10303 |
||